000 00830nam0a22002531 4500
001 rc\3546773
005 20240814110109.0
035 _a(NLR Aleph) 007635759
090 _a6072033
_c6072033
100 _a20130115d1973 |||y0rusy50 ca
101 0 _arus
102 _aRU
105 _aa z |||a|
200 1 _aБлокада
_eСтихи
_fХудож. А. Ушин
210 _aМосква
_cМол. гвардия
_d1973
215 _a111 с.
_cил.
_d17
700 1 _aВоронов
_bЮ. П.
_cпоэт, журналист
_f1929-1993
_gЮрий Петрович
_3RU\NLR\AUTH\7731128
702 1 _aУшин
_bА. А.
_f1927-2005
_gАндрей Алексеевич
_3RU\NLR\AUTH\7714633
_4440
801 0 _aRU
_bNLR
_gpsbo
801 1 _aRU
_bELAR
_2rusmarc
852 _aNLR
_j73-2/2474
942 _cBOOK
980 _aNB